000 00724nam a2200229Ii 4500
003 JO-AjNU
008 230605s9999||||xx |||||||||||||| ||und||
017 _a2009/7/3245
020 _a978-9959-07-717-4
040 _aJO-AjNU
_bara
_erda
_cJO-AjNU
041 _aara
050 1 4 _aRC480.M34 2010
100 3 _aمليكة ، لويس كامل,
_eauthor
_942905
245 0 0 _aالعلاج النفسي
250 _aط1
264 3 1 _aعمان:دار الفكر للنشر ، 2010
300 _a206ص
336 _atext
_btxt
_2rdacontent
337 _aunmediated
_bn
_2rdamedia
338 _avolume
_bnc
_2rdacarrier
650 4 _aالعلاج النفسي- الطب النفسي - التحليل النفسي
_942906
999 _aA18406
_c21974
_d21974